000
00442nam a2200181Ia 4500
008
100917s9999 xx 000 0 und d
082
_b
6835
100
_a
कर्णिक मधुमंगेश
245
_a
भुईचाफा
260
_b
---
_c
1964
300
_a
128
365
_b
4
520
_a
कथा
630
_a
भुईचाफा
650
_a
कथा
730
_a
भुईचाफा
942
_c
BOOK
999
_c
612229
_d
612226